000 00752nam a22002057a 4500
999 _c20301
_d20301
003 AR-CdUCM
008 190528b ||||| |||| 00| 0 spa d
040 _aMUNICIPALIDAD PROVINCIAL DEL CUSCO
_cBIBLIOTECA MUNICIPAL DEL CUSCO
082 _a375.11 /
_bT99
100 _aTyler, Ralph W.
_942432
245 _aPrincipios basicos del curriculo /
260 _aMéxico :
_bTroquel,
_c1973.
300 _a136 páginas ;
_c25 cm
505 _aContenido : ¿Que fines desea alcanzar la escuela? -- Como organizar las actividades para un aprendizaje efectivo -- Criterios para una organización...
650 _aMétodo racional
_942433
650 _aSelección de actividades
_942434
650 _aObjetivos
_942435
942 _2ddc
_cLIBROS
945 _arcc